[Event "21st Open"]
[Site "Cappelle la Grande FRA"]
[Date "2005.02.14"]
[Round "3"]
[White "Fridman,D2"]
[Black "Vul,A"]
[Result "1/2-1/2"]
[WhiteElo "2569"]
[BlackElo "2430"]

1.d4 d5 2.c4 e6 3.Nc3 c6 4.e3 Nf6 5.Nf3 Nbd7 6.Qc2 Bd6 7.Bd3 dxc4 8.Bxc4 e5
9.O-O O-O 10.Bb3 Qc7 11.Bd2 h6 12.Rac1 a6 13.h3 Re8 14.dxe5 Nxe5 15.Nxe5 Bxe5
16.f4 Bxc3 17.Bxc3 Qe7 18.f5 Qxe3+ 19.Kh2 Qe2 20.Qxe2 Rxe2 21.Rcd1 Nd5 22.Bxd5 cxd5
23.Rxd5 b5 24.Rd8+ Kh7 25.Rf3 Bb7 26.Rg3 Rxd8 27.Rxg7+ Kh8 28.Rxf7+ Kg8 29.Rxb7 Rd5
30.f6 Rf5 31.Kg3 Re3+ 32.Kh4 Rxc3 33.bxc3 Rxf6 34.Kh5 Rc6 35.Ra7 Kf8 36.h4 Kg8
37.g4 Kh8 38.Rd7 Kg8  1/2-1/2

[Event "21st Open"]
[Site "Cappelle la Grande FRA"]
[Date "2005.02.14"]
[Round "3"]
[White "Peng Zhaoqin"]
[Black "Thiriet,B"]
[Result "0-1"]
[WhiteElo "2405"]
[BlackElo "2175"]

1.d4 d5 2.c4 e6 3.Nf3 Nf6 4.Nc3 c6 5.e3 Nbd7 6.Qc2 Bd6 7.b3 Qe7 8.Be2 b6
9.O-O Bb7 10.e4 dxe4 11.Nxe4 Nxe4 12.Qxe4 f5 13.Qe3 O-O 14.Bb2 c5 15.Rad1 Rac8
16.Qg5 Nf6 17.Ne5 Qc7 18.f4 cxd4 19.Bxd4 Bc5 20.Kh1 Bxd4 21.Rxd4 Qc5 22.Rd3 Rcd8
23.Qh4 Qa3 24.Rxd8 Rxd8 25.Bf3 Bxf3 26.gxf3 Rd2 27.Rg1 Qf8 28.a3 Nd7 29.Qe1 Qd6
30.Qg3 Qf8 31.Nc6 Nc5 32.Qh4 Nd3 33.Ne7+ Kf7 34.Nc6 Nf2+ 35.Kg2 Ng4+ 36.Kg3 Nf6
37.Ne5+ Kg8 38.Qg5 Qe7 39.b4 Ra2 40.Rd1 Rxa3 41.Rd7 Qxd7 42.Nxd7 Ne4+ 43.Kh4 Nxg5
44.Kxg5 Kf7  0-1

[Event "Aeroflot Open"]
[Site "Moscow RUS"]
[Date "2005.02.15"]
[Round "1"]
[White "Ivanchuk,V"]
[Black "Riazantsev,A"]
[Result "1-0"]
[WhiteElo "2711"]
[BlackElo "2596"]

1.Nf3 d5 2.c4 c6 3.e3 Nf6 4.Nc3 e6 5.d4 a6 6.b3 Bb4 7.Bd2 Nbd7 8.Bd3 O-O
9.O-O Qe7 10.Qc2 e5 11.dxe5 Nxe5 12.Nxe5 Qxe5 13.cxd5 cxd5 14.Ne2 Bd6 15.Ng3 Qe7
16.Bc3 h6 17.Qb2 Re8 18.Bxf6 Qxf6 19.Qxf6 gxf6 20.Rac1 Kf8 21.Rfd1 Bg4 22.Be2 Be6
23.Bf3 Rac8 24.Ne2 Ba3 25.Rc3 Bb4 26.Rxc8 Rxc8 27.Nf4 Rc2 28.Bxd5 Bg4 29.f3 Bc5
30.Re1 Bc8 31.Kf1 Ba3 32.Re2 Rc1+ 33.Kf2 b6 34.Be4 Bd7 35.Rd2 f5 36.Rxd7 fxe4
37.Rd2 Bb4 38.Re2 exf3 39.gxf3 b5 40.Nd3  1-0

[Event "Aeroflot Open"]
[Site "Moscow RUS"]
[Date "2005.02.15"]
[Round "1"]
[White "Mamedyarov,S"]
[Black "Al Modiahki,M"]
[Result "1-0"]
[WhiteElo "2657"]
[BlackElo "2581"]

1.d4 d5 2.c4 c6 3.e3 Nf6 4.Nc3 e6 5.Nf3 Nbd7 6.Bd3 dxc4 7.Bxc4 b5 8.Bd3 b4
9.Ne4 Nxe4 10.Bxe4 Bb7 11.O-O Bd6 12.a3 bxa3 13.b4 Nf6 14.Bd3 Nd5 15.Bxa3 Nxb4
16.Bxb4 Bxb4 17.Ba6 Rb8 18.Bxb7 Rxb7 19.Qa4 O-O 20.Qxc6 Rc7 21.Qa6 Bd6 22.Rfc1 Rxc1+
23.Rxc1 Qd7 24.g3 g6 25.Kg2 Rb8 26.Rc6 Bc7 27.Qc4 Bd6 28.e4 a5 29.Ra6 Bb4
30.Ne5 Qb7 31.Rc6 Rf8 32.Ng4 Qe7 33.h4 h5 34.Ne5 Bd6 35.Nf3 Bb8 36.Ng5 Qd7
37.Ra6 Qb7 38.Rc6 Rd8 39.Qc5 Qb4 40.Nxe6  1-0

[Event "Aeroflot Open"]
[Site "Moscow RUS"]
[Date "2005.02.15"]
[Round "1"]
[White "Popov,Val"]
[Black "Tkachiev,V"]
[Result "1/2-1/2"]
[WhiteElo "2588"]
[BlackElo "2609"]

1.Nf3 d5 2.d4 Nf6 3.c4 c6 4.e3 e6 5.Nc3 Nbd7 6.Qc2 a6 7.b3 Bd6 8.Bb2 O-O
9.Bd3 e5 10.dxe5 Nxe5 11.Nxe5 Bxe5 12.cxd5 cxd5 13.Ne2 Qa5+ 14.Bc3 Bxc3+
15.Qxc3 Qa3 16.b4 Qxc3+ 17.Nxc3 a5 18.b5 Be6 19.Ne2 Rfc8 20.f3 Nd7 21.Kd2 Nb6
22.Nd4 Bd7 23.Rhc1 Kf8 24.Rxc8+ Rxc8 25.Nb3 Ra8 26.Kc3 Na4+ 27.Kd4 b6 28.Rc1 Ke7
29.Kxd5 Be6+ 30.Ke5 Bxb3 31.axb3 Nc5 32.Bc4 Rd8 33.Rc2 Rd1 34.h4 g6 35.e4 h6
36.Kf4 Rh1 37.g3 Rd1 38.Rc3 Rd2 39.Bd5 Rd1 40.Bc4 Rd2 41.g4 Rd1 42.Bd5 Ra1
43.g5 Rh1 44.Kg3 Rg1+ 45.Kf4 Rd1 46.Rc2 Rd4 47.Rh2 hxg5+ 48.hxg5 Ne6+ 49.Kg3 Rd1
50.Kf2 Rc1 51.Kg3 Rc5  1/2-1/2

[Event "21st Open"]
[Site "Cappelle la Grande FRA"]
[Date "2005.02.16"]
[Round "6"]
[White "Foisor,M"]
[Black "Lacrosse,M"]
[Result "1/2-1/2"]
[WhiteElo "1938"]
[BlackElo "2288"]

1.d4 d5 2.c4 e6 3.Nf3 Nf6 4.Nc3 c6 5.e3 Nbd7 6.Qc2 Bd6 7.b3 O-O 8.Be2 Qe7
9.O-O Re8 10.e4 Nxe4 11.Nxe4 dxe4 12.Qxe4 e5 13.Be3 exd4 14.Qxe7 Rxe7 15.Nxd4 Nf6
16.Rad1 Be5 17.Bf3 Bg4 18.h3 Bxd4 19.Bxd4 Bxf3 20.Bxf6 Bxd1  1/2-1/2

[Event "21st Open"]
[Site "Cappelle la Grande FRA"]
[Date "2005.02.16"]
[Round "6"]
[White "Milanovic,Da"]
[Black "Cnossen,W"]
[Result "1-0"]
[WhiteElo "2447"]
[BlackElo "2188"]

1.d4 d5 2.c4 c6 3.Nf3 Nf6 4.Nc3 e6 5.e3 Nbd7 6.Qc2 Bd6 7.g4 Bb4 8.Bd2 Qe7
9.Rg1 Bxc3 10.Bxc3 Ne4 11.Bd3 Nxc3 12.Qxc3 dxc4 13.Bxc4 O-O 14.O-O-O b5 15.Be2 Bb7
16.Qa5 Rfc8 17.Kb1 a6 18.Ne5 Nxe5 19.dxe5 c5 20.Rd6 g6 21.g5 c4 22.h4 Rc5
23.f4 Rac8 24.Kc1 Qc7 25.Qxc7 R8xc7 26.Rgd1 a5 27.Rd8+ Kg7 28.R1d7 b4 29.h5 gxh5
30.Bxh5 Bc8 31.Rxc8 Rxc8 32.Bxf7 b3 33.Bxe6+ Kh8 34.Kb1 bxa2+ 35.Kxa2 Rb8
36.Bf5 Rcb5 37.Rxh7+ Kg8 38.Rh2 Rb4 39.Rc2 c3 40.b3 a4 41.Be6+ Kf8 42.Rxc3 Ra8
43.Kb2  1-0

[Event "21st Open"]
[Site "Cappelle la Grande FRA"]
[Date "2005.02.17"]
[Round "7"]
[White "Yrjola,J"]
[Black "Fridman,D2"]
[Result "1/2-1/2"]
[WhiteElo "2401"]
[BlackElo "2569"]

1.d4 d5 2.c4 e6 3.Nc3 c6 4.e3 Nf6 5.Nf3 Nbd7 6.Bd3 dxc4 7.Bxc4 b5 8.Bd3 Bb7
9.e4 b4 10.Na4 c5 11.e5 Nd5 12.O-O h6 13.Re1 Rc8 14.dxc5 Nxc5 15.Bb5+ Bc6
16.Bxc6+ Rxc6 17.Nd4 Rc8 18.a3 Qd7 19.Nxc5 Rxc5 20.Qb3 bxa3 21.bxa3 Nb6 22.Nf3 Qd5
23.Qb2 Rb5 24.Qe2 Qc4 25.Qxc4 Nxc4 26.Re4 Rd5 27.Kf1 Nb6 28.a4 Bc5 29.a5 Nd7
30.Bd2 Ke7 31.Rb1 Rb8 32.Rxb8 Nxb8 33.Rg4 Kf8 34.Rc4 Nd7 35.Bc3 Ke8 36.Ke2 Kd8
37.Rf4 Ke8 38.Rc4 Kd8  1/2-1/2

[Event "21st Open"]
[Site "Cappelle la Grande FRA"]
[Date "2005.02.17"]
[Round "7"]
[White "Dziuba,M"]
[Black "Gurevich,M"]
[Result "1/2-1/2"]
[WhiteElo "2416"]
[BlackElo "2634"]

1.d4 Nf6 2.c4 e6 3.Nf3 d5 4.Nc3 c6 5.e3 a6 6.b3 Bb4 7.Bd2 Qe7 8.Bd3 Nbd7
9.O-O O-O 10.Qc2 h6 11.Rfe1 Re8 12.Rad1 e5 13.Nxe5 Nxe5 14.dxe5 Ng4 15.f3 dxc4
16.Bh7+ Kh8 17.fxg4 Bxg4 18.Ne2 Bxd2 19.Rxd2 Qxe5 20.Nf4 Qc5 21.h3 Rxe3 22.Rxe3 Qxe3+
23.Rf2 cxb3 24.axb3 Bd1 25.Qxd1 Kxh7 26.Qc2+ Kg8 27.Kh2 Rd8 28.Nh5 Qe5+ 29.Ng3 g6
30.Qc4 Rd7 31.Re2 Qd4 32.Re8+ Kg7 33.Qe2 h5 34.Re4 Qf6 35.Qe3 Rd5 36.Ne2 Qd6+
37.Nf4 g5 38.Qg3 h4 39.Qg4 a5 40.g3 Rd2+ 41.Kh1 Qc5 42.Ne2 hxg3 43.Qxg3 Qd5
44.Qg2 Kf8 45.Kh2 b5 46.Re3 a4 47.bxa4 bxa4 48.Qg4 Qd6+ 49.Kg2 a3 50.Qh5 Qd5+
51.Kf2 Kg7 52.Rxa3 Qc5+ 53.Ke1 Rxe2+ 54.Kxe2 Qxa3  1/2-1/2

[Event "21st Open"]
[Site "Cappelle la Grande FRA"]
[Date "2005.02.17"]
[Round "7"]
[White "Houdart,D"]
[Black "Monsieux,S"]
[Result "0-1"]
[WhiteElo "2228"]
[BlackElo "2036"]

1.Nf3 d5 2.d4 Nf6 3.c4 c6 4.Nc3 e6 5.e3 Nbd7 6.Qc2 Bd6 7.g4 Nxg4 8.Rg1 Nxh2
9.Nxh2 Bxh2 10.Rxg7 Qf6 11.Rxh7 Bd6 12.Rxh8+ Qxh8 13.Bd2 Nf6 14.O-O-O Bd7
15.f3 O-O-O 16.e4 Bc7 17.cxd5 exd5 18.Kb1 dxe4 19.Nxe4 Nxe4 20.Qxe4 Qf6 21.Ka1 Bf5
22.Qe1 Qxd4 23.Be2 Bc2 24.Bc3 Qxd1+  0-1

[Event "Extraliga CZE 2004-5"]
[Site "Czech Rep CZE"]
[Date "2005.02.19"]
[Round "6"]
[White "Bazant,P sr"]
[Black "Pavelek,K"]
[Result "1-0"]
[WhiteElo "2305"]
[BlackElo "2178"]

1.d4 d5 2.c4 c6 3.Nf3 Nf6 4.Nc3 e6 5.e3 Be7 6.Bd3 dxc4 7.Bxc4 b5 8.Bd3 O-O
9.O-O Bb7 10.Bd2 Nbd7 11.Rc1 a6 12.Ne4 Rc8 13.b4 h6 14.Qb3 Nxe4 15.Bxe4 Nf6
16.Bb1 Qd5 17.Qc2 Qh5 18.Ne5 Rfd8 19.f3 Bd6 20.Bc3 g6 21.g4 Qg5 22.f4 Qh4
23.Be1 Qh3 24.Rf3 Qxf3 25.Nxf3 c5 26.Qe2 cxb4 27.Rxc8 Rxc8 28.Nd2 Rc1 29.Bd3 Nd5
30.Nb3 Nc3 31.Nxc1 Nxe2+ 32.Bxe2 Bd5 33.Nb3 Bc4 34.Kf2 Kf8 35.Bd2 Ke8 36.e4 Kd7
37.h4 Kc6 38.Na5+  1-0

[Event "Extraliga CZE 2004-5"]
[Site "Czech Rep CZE"]
[Date "2005.02.19"]
[Round "6"]
[White "Volosin,V"]
[Black "Stohl,I"]
[Result "1/2-1/2"]
[WhiteElo "2281"]
[BlackElo "2554"]

1.d4 Nf6 2.c4 e6 3.Nf3 d5 4.Nc3 c6 5.e3 Nbd7 6.Qc2 Bd6 7.Bd2 O-O 8.Be2 dxc4
9.Bxc4 a6 10.O-O c5 11.Bd3 Qe7 12.Rfe1 h6 13.Rac1 b5 14.Ne4 Nxe4 15.Bxe4  1/2-1/2

[Event "Open"]
[Site "Portsmouth ENG"]
[Date "2005.02.19"]
[Round "2"]
[White "Almond,R"]
[Black "Lock,G"]
[Result "1/2-1/2"]
[WhiteElo "2149"]
[BlackElo "2182"]

1.d4 d5 2.c4 c6 3.Nf3 Nf6 4.Nc3 e6 5.e3 Nbd7 6.Qc2 b6 7.cxd5 cxd5 8.Bd3 Bb7
9.O-O Bd6 10.Ne1 e5 11.dxe5 Nxe5 12.Bb5+ Ned7 13.Nf3 a6 14.Be2 O-O 15.b3 Rc8
16.Bb2 Ne4 17.Qd3 Ndc5 18.Qd4 Ne6 19.Qd3 N6c5 20.Qd4 Ne6 21.Qd3  1/2-1/2

[Event "Mayor de Chile"]
[Site "Santiago CHI"]
[Date "2005.02.19"]
[Round "6"]
[White "Caceres,S"]
[Black "Mesias,R"]
[Result "1-0"]
[WhiteElo "2179"]
[BlackElo "2208"]

1.d4 d5 2.c4 c6 3.Nf3 Nf6 4.Nc3 e6 5.e3 Bd6 6.Bd3 Nbd7 7.O-O O-O 8.Qc2 Qa5
9.b3 dxc4 10.bxc4 e5 11.Bd2 Qd8 12.Ne2 Re8 13.Ng3 g6 14.Bc3 Qe7 15.Nd2 Bc7
16.Rae1 h5 17.f4 h4 18.dxe5 hxg3 19.exf6 gxh2+ 20.Kh1 Nxf6 21.Bxg6 fxg6 22.Qxg6+ Qg7
23.Qxf6 Qxf6 24.Bxf6 Ba5 25.Re2 Bxd2 26.Rxd2 Rxe3 27.Rd8+ Kf7 28.Be5 Re2
29.Rfd1 Rxa2 30.R1d6 b5 31.Rf6+ Ke7 32.Rg8 Bh3 33.Rg7+ Ke8 34.gxh3 Rd8 35.Bd6  1-0

[Event "Aeroflot Open B"]
[Site "Moscow RUS"]
[Date "2005.02.20"]
[Round "6"]
[White "Dyachkov,S"]
[Black "Perez Candelario,Man"]
[Result "1/2-1/2"]
[WhiteElo "2549"]
[BlackElo "2483"]

1.d4 d5 2.c4 c6 3.Nf3 Nf6 4.Nc3 e6 5.e3 Nbd7 6.Bd3 dxc4 7.Bxc4 b5 8.Bd3 Bb7
9.e4 b4 10.Na4 c5 11.e5 Nd5 12.dxc5 Nxc5 13.Bb5+ Nd7 14.Bg5 Qa5 15.Bxd7+ Kxd7
16.O-O Be7 17.a3 Rhc8 18.Bxe7 Kxe7 19.Ng5 Nf4 20.Qg4 Rc4 21.Nxe6 h5 22.Qxg7 Nxe6
23.Qf6+ Ke8 24.Qh8+ Ke7 25.Qf6+ Ke8 26.Qh8+ Ke7  1/2-1/2

[Event "ch-Nordic Youth"]
[Site "Oslo NOR"]
[Date "2005.02.20"]
[Round "5"]
[White "Karlsson,B"]
[Black "Hynninen,J"]
[Result "1/2-1/2"]
[WhiteElo "2224"]
[BlackElo "2112"]

1.d4 d5 2.Nf3 Nf6 3.c4 c6 4.Nc3 e6 5.e3 Nbd7 6.Qc2 Bd6 7.Bd3 O-O 8.O-O dxc4
9.Bxc4 e5 10.a4 Qc7 11.h3 b6 12.Bd2 Bb7 13.dxe5 Nxe5 14.Nxe5 Bxe5 15.f4 Bd6
16.e4 Bc5+ 17.Kh2 Rad8 18.e5 Nd5 19.Ne4 Be7 20.Rae1  1/2-1/2

[Event "Open"]
[Site "Portsmouth ENG"]
[Date "2005.02.20"]
[Round "6"]
[White "Wells,P"]
[Black "Lock,G"]
[Result "1-0"]
[WhiteElo "2519"]
[BlackElo "2182"]

1.Nf3 d5 2.c4 c6 3.d4 Nf6 4.Nc3 e6 5.e3 Nbd7 6.Bd3 dxc4 7.Bxc4 b5 8.Be2 Bb7
9.O-O Be7 10.a3 a6 11.b4 a5 12.Rb1 axb4 13.axb4 Nd5 14.Bd2 N7f6 15.Ne5 O-O
16.Nd3 Nxc3 17.Bxc3 Nd7 18.Qc2 Qc7 19.Nc5 Rfd8 20.f4 Bc8 21.Bd3 h6 22.Rf3 Bf6
23.Ne4 Be7 24.Rg3 Nf6 25.d5 Nh5 26.d6 Bxd6 27.Nf6+ Nxf6 28.Bxf6 Bf8 29.Be4 Bb7
30.Qc3 g6 31.Qc2 Be7 32.Be5 Bd6 33.Bxg6 Bxe5 34.Bxf7+ Kf8 35.fxe5 Qxe5 36.Qh7 Qf5
37.Qg7+ Ke7 38.Bg6+ Kd6 39.Bxf5 exf5 40.Rd1+  1-0

[Event "Aeroflot Open"]
[Site "Moscow RUS"]
[Date "2005.02.21"]
[Round "7"]
[White "Postny,E"]
[Black "Van Wely,L"]
[Result "1/2-1/2"]
[WhiteElo "2557"]
[BlackElo "2679"]

1.d4 d5 2.c4 c6 3.Nf3 Nf6 4.Nc3 e6 5.e3 Nbd7 6.Qc2 Bd6 7.Bd3 O-O 8.O-O dxc4
9.Bxc4 b5 10.Be2 Bb7 11.a3 Qe7 12.Bd2 a5 13.Ne4 Nxe4 14.Qxe4 e5 15.dxe5 Nxe5
16.Nxe5 c5 17.Qf5 Bxe5 18.Bc3 Bxc3 19.bxc3 Ra6 20.Rfd1 Rf6 21.Rd7 Qe8 22.Qd3 Be4
23.Qd2 Bc6 24.Rd6 Qe4 25.Bf1 Qe7 26.Rd1 Rxd6 27.Qxd6 Qxd6 28.Rxd6 Rc8 29.f3 Kf8
30.Rd2 Ke7 31.Kf2 Rb8 32.Rb2 Kd6 33.Rd2+ Kc7 34.Rb2 f6 35.e4 c4 36.Ke3 Re8
37.a4 bxa4 38.Bxc4 Rd8 39.Bd3 Kd6 40.Bc2 Kc5 41.Bd3 Rd7 42.h4 h6 43.Be2 g5
44.hxg5 hxg5 45.Rb1 Rh7 46.Bd3 Rh8 47.Ra1 Rb8 48.Bc2 Rb2 49.Kd2 Kc4 50.Ra3 g4
51.Kc1 Rb8 52.Bxa4 Bxa4 53.Rxa4+ Kxc3 54.Rxa5 g3 55.Ra7 Rh8 56.Rc7+ Kd3 57.Rg7 Kc3
58.Kd1 Kd3 59.Kc1 Kc3 60.Kd1  1/2-1/2

[Event "Aeroflot Open"]
[Site "Moscow RUS"]
[Date "2005.02.21"]
[Round "7"]
[White "Atalik,S"]
[Black "Ehlvest,J"]
[Result "0-1"]
[WhiteElo "2560"]
[BlackElo "2622"]

1.d4 d5 2.c4 c6 3.Nc3 Nf6 4.e3 e6 5.Nf3 Nbd7 6.Bd3 dxc4 7.Bxc4 b5 8.Bd3 Bd6
9.Bd2 Bb7 10.Rc1 Rc8 11.Ng5 a6 12.Nce4 Be7 13.b4 Nd5 14.a3 a5 15.Qf3 O-O
16.Nxh7 f5 17.Nxf8 fxe4 18.Nxe6 exf3 19.Nxd8 fxg2 20.Rg1 Rxd8 21.e4 N5b6
22.bxa5 Na4 23.Bc2 c5 24.Rxg2 cxd4 25.Bg5 Nf6 26.f3 Nc3 27.Bb3+ Kf8 28.Rd2 Ke8
29.e5 Nh5 30.Bxe7 Kxe7 31.Kf2 Nf4 32.h4 Bc8 33.h5 Bf5 34.Rh1 Nd3+ 35.Kg3 Nc5
36.Bc2 d3 37.Bxd3 Bxd3 38.Kh4 Rd4+ 39.f4 Rxf4+ 40.Kh3 N3e4 41.Rg2 Ne6 42.Kh2 N6g5
43.Rb2 Rh4+ 44.Kg2 Rg4+  0-1

[Event "Aeroflot Open"]
[Site "Moscow RUS"]
[Date "2005.02.21"]
[Round "7"]
[White "Mamedyarov,S"]
[Black "Galkin,A"]
[Result "1/2-1/2"]
[WhiteElo "2657"]
[BlackElo "2593"]

1.d4 d5 2.c4 e6 3.Nc3 c6 4.e3 Nf6 5.Nf3 Nbd7 6.Bd3 dxc4 7.Bxc4 b5 8.Bd3 Bb7
9.e4 b4 10.Na4 c5 11.e5 Nd5 12.O-O cxd4 13.Re1 g6 14.Bd2 a6 15.Be4 Rb8 16.Rc1 Bg7
17.Bg5 Qa5 18.Nd2 O-O 19.Nc4 Qb5 20.Nd6 Qa5 21.Nxb7 Rxb7 22.Be7 Re8 23.Bd6 Rb5
24.Bd3 Rb7 25.Be4 Rb5 26.Bd3 Rb7 27.Qb3 Bf8 28.Nc5 Nxc5 29.Rxc5 Qb6 30.Qa4 Ra8
31.Rec1 Qd8 32.Rc6 Bxd6 33.exd6 Kg7 34.Be4 Qg5 35.R6c5 Rb5 36.Bxd5 exd5 37.h4 Qf4
38.d7 Rd8 39.g3 Qf5 40.Rxb5 axb5 41.Qxb5 Qxd7 42.Qxb4 Qa7 43.Qc5 Qxc5 44.Rxc5 Re8
45.Rxd5 Re2 46.b3 Rxa2 47.Rxd4 Rb2 48.Rd3 h5 49.Kg2 Kf6 50.Kf3 Kf5 51.Ke3 Kg4
52.Rd4+ Kh3 53.b4 f6 54.Rf4 g5 55.Rd4 g4 56.Rf4 Kg2 57.Rxf6  1/2-1/2

[Event "Aeroflot Open"]
[Site "Moscow RUS"]
[Date "2005.02.21"]
[Round "7"]
[White "Akopian,Vl"]
[Black "Riazantsev,A"]
[Result "1/2-1/2"]
[WhiteElo "2693"]
[BlackElo "2596"]

1.c4 c6 2.Nf3 d5 3.e3 Nf6 4.Nc3 e6 5.d4 a6 6.b3 Bb4 7.Bd2 Nbd7 8.Bd3 O-O
9.O-O Qe7 10.Qc2 h6 11.h3 Re8 12.Rad1 e5 13.dxe5 dxc4 14.bxc4 Nxe5 15.Nxe5 Qxe5
16.Na4 Bxd2 17.Rxd2 b5 18.Nb6 Rb8 19.Nxc8 Rbxc8 20.Rc1 Ne4 21.Rdd1 Rcd8 22.cxb5 cxb5
23.Be2 Rxd1+ 24.Bxd1 b4 25.Qe2 a5 26.Bb3 Nc3 27.Qc4 Re7 28.Qa6 Kh7 29.a3 Ne4
30.Bc2 Qb2 31.Qf1 b3 32.Bxe4+ Rxe4 33.Rb1 Qc2 34.Rc1 Qd2 35.Rd1 Qc3 36.Rc1 Qd2
37.Rd1 Qc2 38.Rc1 Qd2 39.Rd1 Qc2 40.Rc1 Qd2  1/2-1/2

[Event "IBAR Inv"]
[Site "Santa Monica USA"]
[Date "2005.02.23"]
[Round "1"]
[White "Georgiev,Vl"]
[Black "Milman,L"]
[Result "1/2-1/2"]
[WhiteElo "2517"]
[BlackElo "2434"]

1.d4 d5 2.c4 c6 3.e3 Nf6 4.Nc3 e6 5.Nf3 Nbd7 6.Bd3 dxc4 7.Bxc4 b5 8.Be2 Bb7
9.O-O a6 10.e4 c5 11.e5 Nd5 12.a4 b4 13.Ne4 Qc7 14.Re1 h6 15.b3 Be7 16.Bb2 O-O
17.Rc1 Rfd8 18.Nfd2 Bc6 19.Nc4 Ne3 20.fxe3 Bxe4 21.Bf3 Qc6 22.Na5 Qd5 23.dxc5 Nxc5
24.Qxd5 Bxd5 25.e4 Bxb3 26.Nc6 Bf8 27.Nxd8 Rxd8 28.Bd1 Bxa4 29.Bxa4 Nxa4
30.Re2 Bc5+ 31.Kf1 Rd3 32.Rec2 b3 33.Rc4 Be3 34.Rb1 Nxb2 35.Rxb2 Bd4 36.Ke2 Re3+
37.Kd2 Bxb2 38.Kxe3 Bxe5 39.Rb4 b2 40.Kd3 a5 41.Rb5 a4 42.Kc2 Bxh2 43.Rxb2 a3
44.Rb5 Bd6 45.e5 Bf8 46.Rb7 Bc5 47.Kd3 h5 48.Rc7 Bf8 49.Ke4 Bb4 50.Rc4 Be7
51.Rc8+ Bf8 52.Kf4 g6 53.g4 hxg4 54.Kxg4 Kg7 55.Kf4 Bb4 56.Rc7 Ba5 57.Rc4 Bd8
58.Rc8 Be7 59.Rc7 Bb4 60.Ke4 g5 61.Ra7 Kg6 62.Ra4 Be7 63.Ra7 Bf8 64.Ra8 Kg7
65.Ra7 g4 66.Kf4 Bc5 67.Ra6 g3 68.Kxg3 Bd4 69.Kf4 Bb2 70.Ra7 Kf8 71.Ke4 Ke8
72.Kf4 Kd8 73.Kg5 Bxe5 74.Rxa3 Ke7 75.Ra7+ Kf8 76.Ra5 Bc3 77.Rc5 Bd4 78.Rb5 Kg7
79.Kf4 Kg6 80.Rg5+ Kf6 81.Ra5 Bc3 82.Rc5 Bd2+ 83.Ke4 Kg6 84.Rc2 Bh6 85.Rg2+ Kf6
86.Rf2+ Kg6 87.Rg2+ Bg5 88.Ke5 Kh5 89.Rh2+ Kg6 90.Rg2 Kh5 91.Rh2+ Kg6 92.Rg2  1/2-1/2

[Event "12th Metalis Open"]
[Site "Bizovac CRO"]
[Date "2005.02.24"]
[Round "1"]
[White "Kosic,D"]
[Black "Margeta,Z"]
[Result "1-0"]
[WhiteElo "2521"]
[BlackElo "2111"]

1.d4 d5 2.c4 c6 3.Nc3 Nf6 4.e3 e6 5.Nf3 Bd6 6.Bd3 Nbd7 7.O-O O-O 8.e4 dxc4
9.Bxc4 e5 10.Re1 exd4 11.Qxd4 Bc5 12.Qd1 Ng4 13.Re2 Nge5 14.Nxe5 Nxe5 15.Qxd8 Rxd8
16.Bb3 Bg4 17.Re1 Nd3 18.Rf1 Nxc1 19.Raxc1 Rd2 20.Nb1 Bb4 21.Nxd2 Bxd2 22.Rc2 Rd8
23.f3 Be3+ 24.Kh1 Bh5 25.Rc3 Bd4 26.Rd1 Kf8 27.Rc4 Bf6 28.Rxd8+ Bxd8 29.Rb4 b6
30.Rd4 Ke7 31.e5 Bc7 32.f4 g5 33.fxg5 Bxe5 34.Re4 Kd6 35.g4 Bg6 36.Re2 Bf4
37.h4 Bd3 38.Re1 Kc5 39.Bxf7 Kd4 40.Kg2 Be4+ 41.Kf2 Be3+ 42.Ke2 Bc1 43.b3 Bd3+
44.Kf3 Bc2 45.Re2 a5 46.Bg8 a4 47.bxa4 Bxa4 48.Re4+  1-0

[Event "12th Metalis Open"]
[Site "Bizovac CRO"]
[Date "2005.02.25"]
[Round "3"]
[White "Arsovic,G"]
[Black "Pavasovic,D"]
[Result "0-1"]
[WhiteElo "2414"]
[BlackElo "2595"]

1.Nf3 d5 2.d4 Nf6 3.c4 e6 4.Nc3 c6 5.e3 Nbd7 6.Qc2 Bd6 7.b3 O-O 8.Be2 b6
9.O-O Bb7 10.Bb2 c5 11.cxd5 exd5 12.Rfd1 Rc8 13.dxc5 bxc5 14.Rd2 Qe7 15.Qd1 Bb8
16.Rc1 d4 17.exd4 Bf4 18.d5 Bxd2 19.Qxd2 Nxd5 20.Nxd5 Bxd5 21.Bxg7 Bxf3 22.Bxf8 Qxe2
23.Qxd7 Bg4 24.Qd6 Rxf8 25.Qxc5 Qd2 26.h3 Rc8  0-1

[Event "XI Anibal Open"]
[Site "Linares ESP"]
[Date "2005.02.28"]
[Round "4"]
[White "Szymanski,M"]
[Black "Fenollar Jorda,M"]
[Result "1-0"]
[WhiteElo "2422"]
[BlackElo "2226"]

1.d4 d5 2.c4 e6 3.Nc3 c6 4.e3 Nf6 5.Nf3 Nbd7 6.Bd3 Bd6 7.O-O O-O 8.e4 dxc4
9.Bxc4 e5 10.Be3 Qe7 11.Bb3 exd4 12.Bxd4 Ne5 13.Nxe5 Bxe5 14.Bxe5 Qxe5 15.f4 Qc5+
16.Kh1 Be6 17.e5 Rfd8 18.Qf3 Bxb3 19.exf6 Bc4 20.Rfe1 Re8 21.Ne4 Qf8 22.Qc3 Bd5
23.fxg7 Qxg7 24.Nf6+  1-0

[Event "XI Anibal Open"]
[Site "Linares ESP"]
[Date "2005.03.02"]
[Round "7"]
[White "Henriksen,G"]
[Black "Bertona,F"]
[Result "0-1"]
[WhiteElo "2203"]
[BlackElo "2437"]

1.d4 d5 2.c4 e6 3.Nf3 Nf6 4.Nc3 c6 5.e3 Nbd7 6.Qc2 Bd6 7.Be2 dxc4 8.Bxc4 O-O
9.O-O b5 10.Be2 Bb7 11.Rd1 Qb8 12.b3 Rc8 13.Ne4 Nxe4 14.Qxe4 c5 15.Qh4 Nf6
16.dxc5 Rxc5 17.Ba3 Rd5 18.Bxd6 Qxd6 19.Rxd5 Bxd5 20.Qd4 a6 21.Ne5 Rc8 22.f3 Qc7
23.Rd1 h6 24.e4 Bb7 25.b4 Kf8 26.Kf2 Ke7 27.a3 Kf8 28.Rd2 Kg8 29.Rd1 Nh7
30.Qd6 Qxd6 31.Rxd6 Nf6 32.Nd3 Bxe4 33.Nc5 Bc6 34.Nxa6 Kf8 35.Rd3 Ra8 36.Nc5 Ke7
37.Nb3 Rxa3 38.Nd4 Rxd3 39.Bxd3 Kd7 40.Bxb5 Bxb5 41.Nxb5 Nd5 42.Nd4 Nxb4
43.h4 Kd6 44.f4 Nd3+ 45.Ke3 Nxf4  0-1

[Event "XI Anibal Open"]
[Site "Linares ESP"]
[Date "2005.03.04"]
[Round "9"]
[White "Ivanov,J"]
[Black "Bertona,F"]
[Result "1/2-1/2"]
[WhiteElo "2354"]
[BlackElo "2437"]

1.d4 d5 2.c4 e6 3.Nc3 c6 4.e3 Nf6 5.Nf3 Nbd7 6.Qc2 Bd6 7.b3 O-O 8.Bb2 b6
9.Bd3 Bb7 10.O-O Rc8 11.Rad1 c5 12.cxd5 exd5 13.Bf5 a6 14.dxc5 bxc5 15.Nxd5 Nxd5
16.e4 Ne7 17.Rxd6 Nxf5 18.exf5 Qe7 19.Qc3 Nf6 20.Rb6 Rc6 21.Rxc6 Bxc6 22.Ne5 Be4
23.Re1 Qd6 24.Nc4 Qc6 25.Ne3 Rd8 26.f3 Bd5 27.Rc1 Qe8 28.Qxc5 Bb7 29.Qc3 Rc8
30.Nc4 Qb5 31.Qd3 Nd5 32.Re1 f6 33.Qd4 Qd7 34.Ba3 Re8 35.Re4 Bc6 36.Nd6 Rd8
37.Qc4 Kh8 38.Rd4 Qe7 39.h3 Rxd6 40.Bxd6 Qxd6 41.Qxa6 h6 42.Qc4 Bb7 43.f4 Qd7
44.Qd3 Qc6 45.Qc4 Qd7 46.Qb4 Bc6 47.Qc5 Bb7 48.Qc2  1/2-1/2

[Event "TCh-ISL 2004-5"]
[Site "Reykjavik ISL"]
[Date "2005.03.05"]
[Round "6"]
[White "Vilmundarson,L"]
[Black "Thorsteinsson,A"]
[Result "1/2-1/2"]
[WhiteElo "1982"]
[BlackElo "2279"]

1.d4 d5 2.c4 e6 3.Nc3 c6 4.e3 Nf6 5.Nf3 Nbd7 6.Qc2 Bd6 7.b3 O-O 8.Bd3 Re8
9.Bb2 dxc4 10.Bxc4 b5 11.Bd3 a6 12.O-O Bb7 13.Rfd1 Qe7 14.Ng5 Bxh2+ 15.Kxh2 Ng4+
16.Kg1 Qxg5 17.Bxh7+ Kh8 18.Be4 f5 19.Bf3 Ndf6 20.Ne2 Qh6 21.Nf4 Kg8 22.Rac1 g5
23.Nxe6 Rxe6 24.Qxf5 Rae8 25.d5 Rd6 26.Bxg4 Bc8 27.Qxc8 Rxc8 28.Bxc8 Nxd5
29.Be5 Rd8 30.Bb7 Qe6 31.Bc7 Qe7  1/2-1/2

[Event "NWAPA Rector Cup"]
[Site "St Petersburg RUS"]
[Date "2005.03.05"]
[Round "2"]
[White "Papenin,N"]
[Black "Melnikov,D"]
[Result "1/2-1/2"]
[WhiteElo "2350"]
[BlackElo "2301"]

1.d4 d5 2.c4 e6 3.Nc3 c6 4.e3 Nf6 5.Nf3 Nbd7 6.Qc2 Bd6 7.Bd3 O-O 8.O-O dxc4
9.Bxc4 a6 10.a4 Qe7 11.h3 e5 12.a5 Kh8 13.b3 h6 14.Bb2 Re8 15.Na4 e4 16.Ne5 Nxe5
17.dxe5 Bxe5 18.Bxe5 Qxe5 19.Nb6 Rb8 20.Bxf7 Rf8 21.Bc4 Bf5 22.Rfd1 Rbd8
23.b4 Nd5 24.Bxd5 cxd5 25.Rac1 Bxh3 26.gxh3 Rf3 27.Kf1 Qh2 28.Nxd5 Qh1+ 29.Ke2 Qg2
30.Rf1 Rxd5 31.Qc8+ Kh7 32.Qg4 Qxg4 33.hxg4 Rg5 34.Rc7 Rxg4 35.Rxb7 Rf6 36.Kd2 Rg2
37.Kc3 Rgxf2 38.Rxf2 Rxf2 39.Rb6 h5 40.Rxa6 h4 41.Rd6 h3 42.Rd1 g5 43.a6 Ra2
44.b5 g4 45.Kb3 Ra5 46.Kb4 Ra2 47.Kb3 Ra5 48.Kb4 Ra2  1/2-1/2

[Event "TCh-BEL2 2004-5"]
[Site "Belgium BEL"]
[Date "2005.03.06"]
[Round "10"]
[White "Usachyi,V"]
[Black "Hartung,J"]
[Result "0-1"]
[WhiteElo "2234"]
[BlackElo "2163"]

1.d4 d5 2.c4 c6 3.Nc3 Nf6 4.e3 e6 5.Nf3 Nbd7 6.Bd3 dxc4 7.Bxc4 b5 8.Bd3 Bb7
9.O-O b4 10.Ne4 Nxe4 11.Bxe4 Bd6 12.Qa4 Nb6 13.Qc2 Rc8 14.Re1 h6 15.a3 a5
16.axb4 axb4 17.Ra7 Qe7 18.Ne5 O-O 19.Nc4 Nxc4 20.Qxc4 Bb8 21.Ra4 Qh4 22.f4 g5
23.g3 Qh5 24.Rf1 gxf4 25.exf4 Qb5 26.Qxb4 Bd6 27.Qxd6 Qxa4 28.Qe5 Ba6 29.Re1 Qb4
30.Bb1 Rfd8 31.Be3  0-1